Loading...

Plant breeding for pest and disease resistance

Bibliographic Details
Main Author: Russell, G E
Format: Printed Book
Language:Undetermined
English
Published: London Butter Worths 1978
Subjects:
LEADER 00659nam a2200193Ia 4500
008 140306s9999 xx 000 0 und d
041 |a eng 
082 |a 631 .53  |b RUS/PL 
100 |a Russell, G E 
245 |a Plant breeding for pest and disease resistance 
260 |a London  |b Butter Worths  |c 1978 
300 |a 485 
365 |b UKP .56 .25 
440 |v Studies in the agricultural and food science 
650 |a Crop improvement 
650 |a Plant Propagation 
942 |2 ddc  |c BK 
999 |c 116120  |d 116120 
952 |0 0  |1 0  |2 ddc  |4 0  |6 631__530000000000000_RUSPL  |7 0  |9 114702  |a KAUHCV  |b KAUHCV  |d 2002-04-27  |g 56.25  |o 631 .53 RUS/PL  |p KAU_HCV-8639  |r 2014-03-22  |w 2014-03-22  |y BK